| 000 | 00603cam a22001934a 4500 | ||
|---|---|---|---|
| 001 | 2630860 | ||
| 005 | 20250619140835.0 | ||
| 008 | 990422s1999 ilu b 000 0ceng | ||
| 020 | _a0830822224 (pbk. : alk. paper) | ||
| 050 | 0 | 0 |
_aBR1640 _b.S74 1999 |
| 082 | 0 | 0 |
_a230/.04624 _221 |
| 100 | 1 | _aStott, John R. W. | |
| 245 | 1 | 0 |
_aEvangelical truth : _ba personal plea for unity, integrity, and faithfulness / _cJohn Stott. |
| 260 |
_aDowners Grove, Ill. : _bInterVarsity Press, _c1999. |
||
| 300 |
_a131 p. ; _c21 cm. |
||
| 650 | 0 | _aEvangelicalism. | |
| 650 | 0 | _aTheology, Doctrinal. | |
| 942 |
_2lcc _cBK _n0 |
||
| 999 |
_c6602 _d6602 |
||